00728 2200229 4500001002100000005001500021035002000036007000300056008004100059020002200100082001400122084002000136100003200156245010100188250001100289260003100300300005600331700002600387600003900413600002900452990001700481INLIS00000000000216420260206092821 a0010-0226000006ta260206 j 0 ind  a978-623-206-121-7 a899.221 3 a899.221 3 NIA k0 aNia Apriliyah ( Pengarang )1 aKue Manis yang takut di sia-siakan :bseri hargai makananmu /cNia Apriliyah ; ilustrator,Joebun a-Cet.I aSolo :bTiga Ananda,c2019 a26 hlm :bilust, berganbarn, berwarna ;c23.5 cme-0 aJoebun ( Ilustrator ) 4afiksi Indonesia - Bacaan Anak-anak 4aKomik - Bacaan Anak-anak a00020/K/2021